|
|
|
|
| LEADER |
01548nam a2200421Ia 4500 |
| 001 |
EBC3138309 |
| 003 |
MiAaPQ |
| 005 |
20200520144314.0 |
| 006 |
m o d | |
| 007 |
cr cn||||||||| |
| 008 |
111010s2012 nyua sb 001 0 eng d |
| 010 |
|
|
|z 2011042186
|
| 020 |
|
|
|z 0801450268
|
| 020 |
|
|
|z 0801477786
|
| 020 |
|
|
|z 9780801450266
|
| 020 |
|
|
|z 9780801464096
|
| 020 |
|
|
|z 9780801477782
|
| 035 |
|
|
|a (MiAaPQ)EBC3138309
|
| 035 |
|
|
|a (Au-PeEL)EBL3138309
|
| 035 |
|
|
|a (CaPaEBR)ebr10547365
|
| 035 |
|
|
|a (CaONFJC)MIL681808
|
| 035 |
|
|
|a (OCoLC)794489171
|
| 040 |
|
|
|a MiAaPQ
|c MiAaPQ
|d MiAaPQ
|
| 050 |
|
4 |
|a HD6281.M3
|b L96 2012
|
| 082 |
0 |
4 |
|a 331.3/9887283209744
|2 23
|
| 100 |
1 |
|
|a Lynch, Caitrin.
|
| 245 |
1 |
0 |
|a Retirement on the line
|h [electronic resource] :
|b age, work, and value in an American factory /
|c Caitrin Lynch.
|
| 260 |
|
|
|a Ithaca :
|b ILR Press,
|c c2012.
|
| 300 |
|
|
|a x, 228 p. :
|b ill.
|
| 504 |
|
|
|a Includes bibliographical references and index.
|
| 533 |
|
|
|a Electronic reproduction. Ann Arbor, MI : ProQuest, 2015. Available via World Wide Web. Access may be limited to ProQuest affiliated libraries.
|
| 610 |
2 |
0 |
|a Vita Needle Company
|x Employees.
|
| 650 |
|
0 |
|a Manufacturing industries
|z Massachusetts
|z Needham
|x Employees.
|
| 650 |
|
0 |
|a Older people
|x Employment
|z Massachusetts
|z Needham.
|
| 650 |
|
0 |
|a Retirement
|z Massachusetts
|z Needham.
|
| 655 |
|
4 |
|a Electronic books.
|
| 710 |
2 |
|
|a ProQuest (Firm)
|
| 856 |
4 |
0 |
|u https://ebookcentral.proquest.com/lib/matrademy/detail.action?docID=3138309
|z Click to View
|